000 00408nam a2200181Ia 4500
003 0STCL
008 150530s9999 xx 000 0 und d
040 _aSTCL
_cSTCL
100 _aVakkam Sukumaran
245 _aI N A Hero Vakkam Khadhar
250 _a1
260 _bD C Books ; Kottayam
_c1995
300 _a0
546 _aMalayalam
942 _2ddc
_cBK
999 _c82364
_d82364
005 20220125171819.0